Analýza aplikácie etických a neetických techník optimalizácie pre vyhľadávače (SEO) a ich účinnosti bakalárska práca

Salvato in:
Dettagli Bibliografici
Autore principale: Mucska, Nicolas
Ente Autore: Fakulta hospodárskej informatiky EU. Katedra aplikovanej informatiky
Altri autori: Procházka, Peter, 1968-
Natura: Libro
Lingua:slovacco
Pubblicazione: Bratislava 2022
Tags: Aggiungi Tag
Nessun Tag, puoi essere il primo ad aggiungerne!!

MARC

LEADER 00000nbm a2200000 4500
001 0287553
005 20221213112836.6
041 0 |a slo 
044 |a SK 
245 1 0 |a Analýza aplikácie etických a neetických techník optimalizácie pre vyhľadávače (SEO) a ich účinnosti  |b bakalárska práca  |c Nicolas Mucska ; školiteľ: Peter Procházka 
264 1 |a Bratislava  |c 2022 
300 |a 33 s. 
100 1 |a Mucska, Nicolas 
700 1 |a Procházka, Peter, 1968- 
710 2 |a Fakulta hospodárskej informatiky EU. Katedra aplikovanej informatiky